Solidarita v podmienkach verejného a neverejného rozhodovania
Model verejného rozhodovania. Ekonomika solidarity. Vývoj prístupov k solidarite. Predpoklady a podmienky modelu solidarity.
Guardado en:
| Autor principal: | |
|---|---|
| Otros Autores: | |
| Formato: | Capítulo de libro |
| Lenguaje: | eslovaco |
| Materias: | |
| Etiquetas: |
Sin Etiquetas, Sea el primero en etiquetar este registro!
|
MARC
| LEADER | 00000naa a2200000 4500 | ||
|---|---|---|---|
| 001 | 0199404 | ||
| 005 | 20240502073357.0 | ||
| 041 | 0 | |a slo | |
| 044 | |a SK | ||
| 245 | 1 | 0 | |a Solidarita v podmienkach verejného a neverejného rozhodovania |c Tomáš Bačo, Peter Poništ |
| 520 | |a Model verejného rozhodovania. Ekonomika solidarity. Vývoj prístupov k solidarite. Predpoklady a podmienky modelu solidarity. | ||
| 610 | 2 | 0 | |a solidarita |
| 610 | 2 | 0 | |a modely ekonomicko-matematické |
| 610 | 2 | 0 | |a rozhodovanie |
| 100 | 1 | |a Bačo, Tomáš, 1981- | |
| 700 | 1 | |a Poništ, Peter | |